000 004410000a22001690004500
041 0 _aSPA
082 0 4 _aG 269 C6921s
100 1 _aCanclini, Arnoldo
245 1 0 _aUna campaña con Billy Graham / Arnoldo Canclini
260 _aCórdoba, Argentina : Voz y el Amanecer
300 _a65 Pag
001 8063
942 _cBK
999 _c38260
_d38260
336 _atexto
_btxt
_2rdacontent
337 _2rdamedia
_asin mediación
_bn
338 _2rdacarrier
_avolumen
_bnc